A. L. Grimm: "Staré báje grécke", preložil Miloš Janoška ...

Krátke hodnotenie formy spracovania materiálu, prekladu, výtvarnej stránky a úpravy knihy, ktorá vyšla v spolku Tranoscius v Liptovskom Mikuláši v r. 1933 a obsahuje 10 celostránkových ilustrácií Vladimíra Droppu

Bibliographic Details
Main Author: Matějovská, M. (Author)
Format: Article
Language:Slovak
Subjects:

MARC

LEADER 00000nab a22000001a 4500
001 vtls008998680
003 SK-MaSNL
005 20260304215025.0
008 070613d19340115xo |r|p|||| |000 b|slo
015 |a SNBRRBVU1918-1938 
038 |a SNKBUCL 
038 |a SNKBUVU 
040 |a SNKBUVU  |b slo  |c SNKBUCL  |e AACR2 
041 0 |a slo 
044 |a xo  |c SK 
080 |a 75.056  |2 2001 
080 |a 821  |2 1997 
080 |a 655.534:766  |2 2001 
100 1 |a Matějovská, M.  |4 aut  |9 1291141 
245 1 0 |a A. L. Grimm: "Staré báje grécke", preložil Miloš Janoška ...  |c M. Matějovská 
500 |a V rubrike Rôzne zprávy 
520 |a Krátke hodnotenie formy spracovania materiálu, prekladu, výtvarnej stránky a úpravy knihy, ktorá vyšla v spolku Tranoscius v Liptovskom Mikuláši v r. 1933 a obsahuje 10 celostránkových ilustrácií Vladimíra Droppu 
600 1 7 |a Grimm, L. A.  |t Staré báje grécke  |2 snkbucl  |9 1549352 
600 1 7 |a Droppa, Vladimír,  |d 1907-1994  |2 snkbucl  |9 38610 
650 0 7 |a grécke báje  |2 snkbucl  |9 303935 
650 0 7 |a ilustrácie  |2 MM  |9 2743 
650 0 7 |a knižné ilustrácie  |2 MM  |9 2742 
773 0 |t Náš ľud  |g Roč. 6, č. 5 (15.1.1934), s. 80 
852 |a SNK  |b KIS3GCP 
910 |a snkrbvumm 
958 |a VY 
999 |c 3144313  |d 3146243